00904nam a2200181 i 450000100060000000300090000600500170001500700030003200800410003510000350007624502650011126000660037630000330044260000490047585200340052499900170055895201470057542454ES-MaACL20230906160621.0t|030328s1950 cu ||||1| spa d1 aCortina, José Manuel.94094110aNestor Leonelo Carbonell b: discurso / cpronunciado por el Dr. José Manuel Cortina el 22 de mayo de 1950 en los salones de la Asociación Nacional de Emigrados Revolucionarios Cubanos, con motivo de conmemorarse el natalicio de Néstor Leonelo Carbonell. aLa Habana : b[s.n., c1950] (fTalls. Tip. de Editorial Lex) a16 p. : b1 retr. ; c24 cm.14aCarbonell Figueroa, Néstor Leonelo.935060 aES-MaACLj1933-F-11 bR.32344 c42454d42454 001040708Colección_de_folletosaATENEOMbATENEOMcDEPOFd2008-01-17eSCl0o1933-F-11p1044682r2023-02-23 00:00:00w2023-02-23yFOLLETOS